| 000 | 00583nam a2200181 a 4500 | ||
|---|---|---|---|
| 001 | 000024016 | ||
| 005 | 20200930022639.0 | ||
| 008 | 110118s1985 dr 001 0 spa d | ||
| 040 |
_aDO-SdBNP _bspa _cBNPHU |
||
| 100 | 1 |
_aCross Beras, Julio A. _96904 |
|
| 245 | 1 | 0 |
_aCultura política dominicana / _cJulio A. Cross Beras. |
| 260 |
_aSanto Domingo : _bInstituto Tecnológico de Santo Domingo, _c1985. _fEditora Amigo del Hogar |
||
| 300 |
_a145 p. ; _c22 cm. |
||
| 490 | 1 |
_aMonografía _v20 |
|
| 504 | _aBibliografía : p. 139-145 | ||
| 830 | 0 |
_aMonografía _v20 _94914 |
|
| 049 | _aBNPD | ||
| 999 |
_c23511 _d23511 |
||